00866 2200313 4500001002100000005001500021035002000036007000300056040001700059100003100076245004800107250001200155300003400167504002400201020001800225041000800243082001000251084001600261090002200277264004600299336002100345337003000366338002300396650001200419700004600431850001000477008004100487990002400528INLIS00000000000747720260602010957 a0010-0822000451ta aSBPUPADbind0 aNunung Yuli EtiePengarang1 aAneka Olahan dari Daging /cNunung Yuli Eti a.-cet.1 a60 hlm :bilus. ;c21 x 15 cm aBibliografi, hlm 60 a979-1136-45-707aind a641.5 a641.5 NUN a a641.5 NUN a L20-9 a.--Klaten :bSaka Mitra Kompetensi,c2007 2rdacontentateks 2rdamediaatanpa perantara 2rdacarrieravolume 4aMasakan0 aIlustrator, Punto F. ArdiyantoePengarang aPUPAD260602 0  a8504/H/APD-PDG-2009